000 00758nam a2200229 a 4500
999 _c11017
_d11017
001 11017
003 BD-JhCC
005 20190725123223.0
008 190725b 2011bg |||| ||a| 000 0 ben d
020 _a984074920X
035 _a(BD-JhCC)11017
040 _aBD-JhCC
_dBD-JhCC
041 _aben
082 _a781.621
_bSAR 2011
100 _aসরকার, স্বরোচিষ
245 _aকবিগান ইতিহাস ও রূপান্তর /
_cস্বরোচিষ সরকার ।
260 _aঢাকাঃ
_bবাংলা একাডেমি ঢাকা;
_c২০১১.
300 _a৪৫৬ পৃঃ . :
_c২১ সেমিঃ
650 _aFolk Music
942 _2ddc
_cBK